Online
Catalog

A orillas de la musica. (Record no. 17488)

MARC details
000 -CABECERA
campo de control de longitud fija 01098cam a22002291 4500
001 - NÚMERO DE CONTROL
campo de control 000017964
005 - FECHA Y HORA DE LA ÚLTIMA TRANSACCIÓN
campo de control 20200929165309.0
008 - DATOS DE LONGITUD FIJA--INFORMACIÓN GENERAL
campo de control de longitud fija 800423s1944 ag 000 0 spa c
010 ## - NÚMERO DE CONTROL DE LA BIBLIOTECA DEL CONGRESO
Número de control de LC a 46001316
035 ## - NÚMERO DE CONTROL DEL SISTEMA
Número de control de sistema (OCoLC)6235671
040 ## - FUENTE DE LA CATALOGACIÓN
Centro catalogador/agencia de origen DO-SdBNP
Centro/agencia transcriptor NmU
Centro/agencia modificador NmU
-- DLC
042 ## - CÓDIGO DE AUTENTICACIÓN
Código de autenticación premarc
050 00 - SIGNATURA TOPOGRÁFICA DE LA BIBLIOTECA DEL CONGRESO
Número de clasificación ML385
Número de documento/Ítem .A35
100 1# - ENTRADA PRINCIPAL--NOMBRE DE PERSONA
Nombre de persona Aguilar, Paco,
Fechas asociadas al nombre 1897-
9 (RLIN) 38948
245 10 - MENCIÓN DE TÍTULO
Título A orillas de la musica.
260 ## - PUBLICACIÓN, DISTRIBUCIÓN, ETC.
Lugar de publicación, distribución, etc. Buenos Aires, :
Nombre del editor, distribuidor, etc. Editorial Losada, S.A.,
Fecha de publicación, distribución, etc. [1944].
300 ## - DESCRIPCIÓN FÍSICA
Extensión 174 p. ;
Dimensiones 18 cm.
490 0# - MENCIÓN DE SERIE
Mención de serie Biblioteca contemporanea. 137
505 0# - NOTA DE CONTENIDO CON FORMATO
Nota de contenido con formato Un dia de Manuel de Falla.--Un dia de Mauricio Ravel.--Un dia de Joaquin Turina.--Un dia de Igor Stravinsky.--Un dia de Lily Pons.--Un dia de Ernesto Halffter.--Un dia de Ignacio Paderewsky.--Un dia de Joaquin Nin.--Un dia de Conchita Badia.--Un dia de Pablo Casals.--Un dia de Alejandro Brailovsky.--Un dia de Ricardo Vines.--Un dia de Arturo Rubinstein.--Un dia de Jose Iturbi.--Un dia de Jane Batori.--Un dia de Andres Segovia.--Un dia de los hermanos Aguilar.
650 #0 - PUNTO DE ACCESO ADICIONAL DE MATERIA--TÉRMINO DE MATERIA
Término de materia o nombre geográfico como elemento de entrada Musicians.
9 (RLIN) 38949
910 ## - DATOS DE OPCIÓN DEL USUARIO (OCLC)
Datos de opción del usuario Catalogación por copia / LC
Holdings
Estado de retiro Estado de pérdida Restricciones de uso No para préstamo Código de colección Localización permanente Ubicación/localización actual Ubicación en estantería Fecha de adquisición Número de inventario Total de préstamos Signatura topográfica completa Código de barras Fecha visto por última vez Precio válido a partir de Tipo de ítem Koha
      Excluido de préstamo Monografías: Libros y Folletos General General En catalogación 07.04.2010 LF1   17964-10 25.06.2020 25.06.2020 No se presta

Powered by Koha